000 00630nam a22002417a 4500
003 UA-OsUOA
001 91834
007 ta
008 20121205b un ||||| |||| 00| 0 ukr d
100 _aФедорив Р.
090 _a821.161.2
_bФ66
942 _cBK
040 _aUA-OsUOA
_brus
_cUA-OsUOA
_dUA-OsUOA
245 _aКаменное поле
_bроман
300 _a279 с.
955 _a3
041 _arus
080 _a821.161.2
260 _aМ.
_bСоветский писатель
_c1980
044 _aRU
650 7 _a82 Література. Літературознавство
_2UDC
999 _c378092
_d378092